000 00797nam a2200205 a 4500
003 BD-DhJNU
005 20251104064552.0
008 110225s2011 nyua b 001 0 eng
020 _a9780195181722
_qhbk. : alk. paper
040 _aBD-DhJNU
_bENG
_cBD-DhJNU
_dBD-DhJNU
082 0 0 _a791.430 ROH
_223
100 1 _aRoss, Steven J.
245 1 0 _aHollywood left and right :
_bhow movie stars shaped American politics /
_cSteven J. Ross
260 _aNew York, NY :
_bOxford University Press,
_cc2011.
300 _axi, 500 p. :
_bill. ;
_c25 cm.
504 _aIncludes bibliographical references and index..
650 0 _aMotion picture industry
_zUnited States
_xInfluence.
650 0 _aMotion picture producers and directors
_xPolitical activity
_zUnited States
_xHistory
_y20th century.
942 _cBK
999 _c2341
_d2341